01159cam1a220027701 4500001001200000008004100012010001600053015001400069020001200083035001900095035002100114035002200135043001200157050002100169082001000190100003500200245035600235250002800591260002600619440007900645500006800724651001800792949004600810004000600856999001900862lce00672269710419r19681814enkabf 000 0 eng  a 68097652 aB68-08006 cL.6/6/- a(Sirsi) r89283 a(DLC) 68097652 a(UPRA)lce00672269 af-mr---0 aDT305b.J13 1968 a916.41 aJackson, James Grey.6A48842.113aAn account of the Empire of Morocco,band the districts of Suse and Tafilelt compiled from miscellaneous observations made during a long residence in, and various journeys through, these countries; to which is added an account of shipwrecks on the western coast of Africa, and an interesting account of Timbuctoo, the great emporium of Central Africa. a3d ed., new impression. aLondon,bCass,c1968. 0aCass library of African studies. Travels and narrati30136ves ;vn6S7998.1 aThird ed., originally published, London, T. Cadell & W. Davies,81aMor6S37547.1ccaDT305wlcci-125172mMAINtBOOKlON-SHELF89283 c191493d191493